[Event "Ter Apel"]
[Site "Ter Apel"]
[Date "1997.03.18"]
[Round "2"]
[White "Huebner, Robert"]
[Black "Shirov, Alexei"]
[Result "0-1"]
[WhiteElo "2600"]
[BlackElo "2690"]
[Annotator "Stohl,I"]
[PlyCount "153"]
[EventDate "1997.03.17"]
[EventType "tourn"]
[EventRounds "5"]
[EventCountry "NED"]
[EventCategory "16"]
[SourceTitle "CBM 058"]
[Source "ChessBase"]
[SourceDate "1997.06.01"]
[SourceVersion "1"]
[SourceVersionDate "1997.06.01"]
[SourceQuality "1"]

1. d4 {Huzman} Nf6 2. Nf3 g6 3. g3 Bg7 4. Bg2 O-O 5. O-O d6 6. c4 c6 7. Nc3 Na6
$5 {An unusual move, occasionally played by Shirov's friend and second Bologan.
} ({Another untypical, which has gained popularit lately, is} 7... Qb6 $5 {
As we will see, the two lines can and very often do transpose into one another.
} 8. h3 (8. b3 e5 (8... Qa5 9. Qd2 Re8 10. Bb2 Bg4 11. Rad1 Qh5 12. d5 Bh6 13.
Qe1 Nbd7 14. dxc6 bxc6 15. h4 Rac8 16. Nh2 Be6 17. e4 Qa5 18. Qe2 Bg7 19. Rfe1
Nh5 20. Rc1 Bd4 21. Nf1 Ne5 22. Ne3 Nf6 23. Red1 c5 24. Na4 Nc6 25. Bc3 Bxc3
26. Nxc3 Nd4 $13 {Vaulin,A-Zangiev,P/Russia Cup6 Krasnodar/1997/}) 9. dxe5 (9.
Bb2 e4 10. Nd2 d5 $11) 9... dxe5 10. Qc2 Na6 11. e4 Rd8 12. Be3 Qc7 13. h3 Be6
14. a3 Nd7 15. Rfd1 Nf8 16. c5 Rxd1+ 17. Rxd1 Rd8 18. b4 Rxd1+ 19. Nxd1 Qd7 20.
Ng5 Nc7 21. Bf1 Nb5 22. Bxb5 cxb5 23. Nxe6 Nxe6 24. Kg2 a6 25. Nc3 Nc7 26. Qd2
Qxd2 27. Bxd2 Kf8 28. Nd5 Nxd5 29. exd5 e4 30. Bc1 h5 31. g4 hxg4 32. hxg4 f5
33. gxf5 gxf5 34. f3 exf3+ 35. Kxf3 Ke7 {1/2,Nikolic,P-Ivanchuk,V/Linares/1997/
}) (8. c5 $6 dxc5 9. Na4 Qb5 10. Nxc5 Na6 11. a4 Qb6 12. Nxa6 Qxa6 13. Re1 Rd8
14. Qb3 Be6 15. Qa3 Bd5 16. e3 Bf8 17. b4 e6 18. Qb2 Qb6 19. b5 Rac8 20. bxc6
Qxb2 21. Bxb2 Rxc6 22. Rec1 Rdc8 23. Ne5 Rc2 $36 {Karpov,A-Ivanchuk,V/Las
Palmas/1996/}) 8... Na6 9. e4 e5 10. dxe5 (10. Re1 exd4 11. Nxd4 Ng4 (11... Re8
12. b3 Qa5 13. Bd2 Nd7 14. Nce2 Qh5 15. Qc2 Nac5 16. Nf4 Qe5 17. Bc3 Qe7 18. b4
Ne6 19. Ndxe6 fxe6 20. Bxg7 Kxg7 21. Nd3 e5 22. c5 a5 23. a3 axb4 24. axb4 Rxa1
25. Rxa1 $16 {Baburin,A-Filippov,V/Groningen op/1995/}) 12. hxg4 Bxd4 13. Be3
Bxe3 14. Rxe3 Be6 15. b3 Rad8 16. Qe2 Nc5 17. Kh2 f6 18. f4 Bf7 19. Rb1 a5 20.
Qd2 Qc7 21. Bf3 Rfe8 22. Bg2 a4 23. Qd4 axb3 24. axb3 Qe7 25. Nd1 Ne6 26. Qb2
g5 $5 $132 {Petek Medic,M-Rogic,D/Bled opA/1997/}) (10. Rb1 Qb4 11. Re1 Re8 (
11... Qxc4 $5) 12. Bf1 exd4 13. Nxd4 Nc5 14. Nc2 Qb6 15. Bg2 Nfd7 16. Be3 Bxc3
17. bxc3 Qc7 18. Bd4 Nb6 19. Qd2 $1 Nxc4 20. Qh6 f5 21. e5 Ne4 22. exd6 Ncxd6
23. c4 c5 24. Ba1 $40 {[%cal Ga1h8] גa1-h8,Antunes,A-Bologan,V/Wijk-B/1996/})
(10. b3 exd4 11. Na4 Qa5 12. Nxd4 Re8 $1 (12... Nxe4 $6 13. Bxe4 d5 (13... Qe5
14. Bd3 $1 Bxh3 15. Bb2 Bxf1 16. Qxf1 $16) 14. cxd5 Bxh3 15. Re1 cxd5 (15...
Bxd4 16. Qxd4 Qxe1+ 17. Kh2 $18) 16. Bf3 Bd7 17. Bd2 Qd8 18. Bf4 $18 {Cvitan,
O-Bologan,V/Vienna op/1996/}) 13. Re1 (13. Bd2 Qd8 14. Re1 Nxe4 15. Nxc6 bxc6
16. Rxe4 Rxe4 17. Bxe4 Bxa1 18. Qxa1 Bd7 19. Bh6 f6 20. Qd4 Qe7 21. Bf4 Nc5 22.
Nc3 Ne6 23. Bxd6 Nxd4 24. Bxe7 Kf7 $17 {Malysev,V-Iskusnyh,S/Arkhangelsk
RUS-ch sf/1996/}) 13... Nxe4 $1 14. Rxe4 Rxe4 15. Bxe4 Qe5 16. Bd3 (16. Qf3 $2
Nc5 $1 17. Bxc6 bxc6 18. Be3 Nxa4 19. bxa4 Bd7 20. Rb1 Qe8 21. Rd1 c5 22. Nb5
Bc6 23. Qg4 h5 24. Qh4 Bf3 $36 {Filippov,V-Dyachkov,S/RUS-chJ Moscow/1995/})
16... Nc5 $1 (16... Qxd4 $2 17. Bb2 $18) 17. Be3 Nxd3 18. Qxd3 c5 19. Rd1 (19.
Nc2 Bf5 $17) (19. Re1 cxd4 20. Bd2 Bf5 $36) 19... cxd4 20. Bxd4 Qxd4 21. Qxd4
Bxd4 22. Rxd4 Bxh3 $11) 10... dxe5 11. Qe2 (11. b3 Nc5 12. Be3 Qa5 13. Qc2 Ne6
14. Rfd1 Nh5 15. Na4 f5 16. c5 Qc7 17. Bc1 Nf6 18. exf5 gxf5 19. Bb2 Nd5 20.
Kh2 Bd7 21. Re1 e4 22. Bxg7 Nxg7 23. Nd4 Rf7 24. Nb2 Raf8 25. a3 Ne8 26. Nc4
Rg7 27. Rg1 h5 $36 {Permiakov,V-Iskusnyh,S/Vladivosatok op/1995/}) 11... Be6 (
11... Nc5 12. Be3 Qa5 13. Nd2 Ne6 14. Nb3 Qc7 15. Rad1 b6 16. c5 b5 17. Nd5 $1
cxd5 18. exd5 Nxd5 19. Rxd5 Bb7 20. Rd6 Bxg2 21. Kxg2 a6 22. Rfd1 Rfd8 23. Qf3
Bf8 24. Rc6 Qa7 25. Rxd8 Rxd8 26. Rb6 Qe7 27. Na5 Rc8 28. b4 $16 {Neverov,
V-Iskusnyh,S/RUS-Cup1/Chigorin-mem/1996/}) 12. b3 Rad8 13. Rb1 Nc5 14. Be3 Qb4
15. Bd2 Qb6 16. Rfd1 Qc7 17. b4 Nd3 $6 {[%csl Rd3] פd3} 18. c5 a5 19. a3 axb4
20. axb4 Bc4 21. Bg5 b5 22. Qe3 Rd7 23. Bf1 Rfd8 24. Nh2 Rd4 25. Qf3 $18 {
Guliev,S-Iskusnyh,S/Vladivostok op/1995/}) 8. e4 (8. Bd2 $5 Be6 9. b3 Qc8 10.
e4 Bg4 11. Rc1 e5 12. d5 Qd7 13. Qc2 cxd5 14. cxd5 b5 15. Qb1 b4 16. Na4 Rab8
17. Be3 Qb7 18. Nd2 Be2 19. Rfe1 Bb5 20. Nc4 Bxc4 21. Rxc4 Ng4 22. Bd2 f5 23.
exf5 gxf5 24. h3 Nh6 25. Rh4 Rf6 26. Bg5 $16 {Skomorokhin,R-Bologan,V/Vienna
op/1996/}) 8... e5 $1 {A positional pawn sacrifice, as Black doesn't get his
material back for quite a long time.} 9. dxe5 {White accepts the offered pawn,
but doesn't get any advantage, rather the opposite. Transposing to the above
lines with 9.h3 offers more chances to gain something out of the opening.} (9.
h3 {Huzman} Qb6 10. b3 exd4 11. Na4 Qa5 12. Nxd4 Re8 13. Re1 Nxe4 (13... Bd7
14. Bd2 Qc7 15. Bf4 Nh5 16. Be3 Nc5 17. Nc3 Qa5 18. Qc2 Ne6 19. Nde2 Rad8 20.
Rad1 $14 {1-0 Vaulin,A-Dyachkov,S/St.Petersburg op2 1994 (40)}) 14. Rxe4 Rxe4
15. Bxe4 Qe5 16. Bd3 $1 b5 17. cxb5 cxb5 18. Bxb5 Qxd4 19. Bb2 $14) 9... dxe5
10. Nxe5 Be6 (10... Qxd1 $143 $6 11. Rxd1 Nxe4 12. Nxc6 $1 Nxc3 13. Ne7+ Kh8
14. bxc3 Bxc3 (14... Bg4 $13 {Huzman}) 15. Rb1 $16) (10... Nxe4 $2 {Huzman} 11.
Qxd8 Rxd8 12. Nxf7 $16) 11. Qe2 (11. Qxd8 Rfxd8 12. Be3 Nxe4 $1 $15) (11. b3 $2
Qa5 $19) (11. f4 $1 {Huzman} Qb6+ 12. Kh1 Rfd8 13. Qe2 $16 (13. Qb3 Nc5 14.
Qxb6 axb6 $44)) 11... Qd4 $1 12. Bf4 $8 (12. Nf3 Qxc4 13. Qxc4 Bxc4 14. Rd1
Rfe8 $36) 12... Nh5 13. Rfd1 (13. Rad1 {Huzman} Qc5 14. Nd7 Nxf4 15. gxf4 Bxc4
$11 16. Qf3) 13... Nxf4 14. gxf4 Qb6 $44 (14... Qc5 $143 15. Nd7 Bxd7 16. Rxd7
$14) 15. Nd7 (15. b3 $5 Qa5 16. Qe3 Bxe5 17. fxe5 Qxe5 18. f4 Qc5 $11) 15...
Bxd7 16. Rxd7 Nc5 17. Rd2 Ne6 $5 (17... Bh6 18. Rd6 $1 (18. Qe3 Ne6 (18... Qb4
$2 19. a3 Qxc4 20. Bf1 $18) 19. Qxb6 axb6 20. Ne2 (20. Rd7 Nc5 $36) 20... Bxf4
$15) 18... Qc7 (18... Bxf4 $2 19. Nd5 $16) 19. Qd2 Ne6 20. Ne2 $14) 18. Qe3 (
18. f5 $5 Nf4 19. Qf3 Be5 $44) 18... Rad8 (18... Qc7 $143 19. e5 Bh6 20. Ne2
$36 {/\} f6 $2 21. Qh3 $18) (18... Bh6 19. Ne2 $14) 19. Rad1 Bd4 $1 (19... Bxc3
20. bxc3 (20. Qxb6 axb6 21. Rxd8 Rxd8 22. Rxd8+ Nxd8 23. bxc3 Ne6 24. f5 gxf5
25. exf5 Nc5 $17 {[%csl Ra2,Rc3,Rc4,Rf2,Rf5,Rh2][%cal Rc5a4,Yg8f6] ק,/\Na4,
Kg7-f6}) 20... Qc7 21. e5 $14) 20. Qg3 (20. Qf3 $142 {Huzman} f5 21. Bh3 (21.
e5 Bxc3 22. bxc3 Rxd2 23. Rxd2 Rd8 $17 {[%csl Ga2,Gc3,Gc4,Ge5,Gf4]}) 21... Bxc3
22. Rxd8 $1 (22. bxc3 Rxd2 23. Rxd2 Qb1+ 24. Kg2 (24. Rd1 Qxa2 $15) 24... Kh8
$1 25. Qe3 g5 $1 $40) 22... Rxd8 23. Rxd8+ Qxd8 24. bxc3 Qd6 25. exf5 Nxf4 $44)
20... Bxc3 21. Rxd8 (21. bxc3 $2 Rxd2 22. Rxd2 Qb1+ 23. Bf1 Qxe4 24. Rd7 Nc5
$19) (21. Qxc3 Nxf4 $17 {[%cal Rf4e2] /\Ne2}) 21... Rxd8 22. Rxd8+ Qxd8 23.
bxc3 Qd1+ (23... Qd2 24. f5 (24. Qe3 Qd1+ 25. Bf1 Qg4+ $17) 24... Nf4 25. Bf1
$13) 24. Bf1 Nc5 {White's pieces are passive and his pawns weak, but it's not
easy for Black to gain anything substantial.} (24... Qc1 25. f5 Nf4 26. Qe3 $5
$14) 25. Qe3 Qg4+ 26. Bg2 (26. Kh1 {Huzman} Ne6 (26... Qd1 $11) 27. Qxa7 (27.
Bh3 $2 Qxf4 28. Bxe6 Qxe3 29. Bxf7+ Kxf7 30. fxe3 Ke6 $19 {[%csl Ga2,Gc3,Gc4,
Ge3,Ge4]}) 27... Nxf4 $36) 26... Ne6 $5 {Shirov decides to play for a win.} (
26... Qd1+ $11) (26... b6 27. h3 {[%cal Ye4e5] /\e5<=>} (27. e5 Ne6 $1 28. h3
Qxf4 $17)) 27. h3 $8 (27. f5 $2 Nf4 28. Qf3 Ne2+ 29. Kf1 Qxf3 30. Bxf3 Nxc3 $19
) (27. f3 Qxf4 28. Qxa7 Qc1+ 29. Bf1 Qxc3 30. Qxb7 Qe3+ $40) 27... Qxf4 28.
Qxa7 Qc1+ 29. Kh2 Kg7 $5 (29... Nf4 30. Qb8+ Kg7 31. Qe5+ Kh6 (31... Kg8 $11)
32. Qe7 Ne2 33. Qf8+ Kg5 34. Qe7+ Kh6 (34... f6 $6 35. h4+) 35. Qf8+ $11) 30.
Qxb7 Nf4 (30... c5 $5 $44) 31. Qb6 $1 (31. Qxc6 $4 Ne2 32. h4 Qf4+ $1 33. Kh3
Qxf2 $19) (31. Qc7 $1 {Huzman} Ne2 32. Qe5+ f6 33. Qe7+ $11 Kg8 (33... Kh6 $2
34. Qf8+ Kg5 35. h4+ $18) 34. Qe8+) 31... Ne2 32. f3 Qxc3 {Shirov again
ignores the perpetual and continues to probe.} (32... Qf4+ 33. Kh1 Qc1+ $11)
33. Qf2 Qe5+ 34. Kh1 Nf4 35. Bf1 g5 $44 36. h4 (36. Qe1 $5 {[%cal Ga2a5,Ga2a4]
Huzman}) 36... h6 37. hxg5 hxg5 38. Kg1 Kg6 39. Qb6 (39. a4 {Huzman} Qa5 $15) (
39. Qd2 $11 {Huzman}) 39... Qc3 $1 40. Qf2 $1 (40. Qxc6+ $143 Kh5 {[%cal Rc3e3,
Re3f2] /\Qe3-f2} 41. Qb6 Qxf3 $40) 40... f6 41. Kh2 c5 {Black has an active
position, but White's defences remain solid. If he is supposed to win, White
must help.} 42. a4 $6 ({The passive} 42. Kg1 $11 {should hold the game. White
creates himself problems.}) 42... Qa1 $1 {Now Black wins a pawn and retains
his positional pluses.} 43. Bh3 (43. Qxc5 $2 Qxf1 44. Qf5+ Kg7 45. Qd7+ Kh6 $19
) (43. Bg2 $5 Ne6 $5 (43... Qxa4 44. Qxc5 Qc2 45. Qf5+ Kg7 46. Qg4 $11) 44. Bh3
Nd4 45. Bd7 Qc3 $15) 43... Qxa4 44. Bf5+ (44. Qxc5 $2 Qc2+ 45. Kg3 (45. Kh1
Qd1+ 46. Kh2 Qe2+ $19) 45... Nh5+ 46. Kg4 Qh2 47. Qf5+ Kh6 $19) (44. Bf1 $142 {
Huzman}) 44... Kg7 45. Qb2 $5 (45. Qf1 Qc2+ $17) 45... Qxc4 46. e5 Qe2+ $8 (
46... Qd4 47. Qb7+ $11) (46... fxe5 {Huzman} 47. Qxe5+ Kf7 48. Bb1 Qe2+ $19 {
-see game}) 47. Qxe2 Nxe2 48. exf6+ Kxf6 49. Bd3 Nf4 50. Bb1 $5 (50. Bf1 Ke5
51. Kg3 Nd5 52. Bb5 Nf6 {[%cal Re5d4] /\Kd4-+}) (50. Ba6 Nh5 $1 (50... Nd5 $143
51. Kg3) 51. Kg2 (51. Kh3 Kf5) 51... Ke5 52. Kf2 Kd4 $19) 50... c4 51. Kg3 Nd5
52. Kg4 Ne3+ 53. Kg3 Ke5 (53... c3 $6 54. f4 $1 g4 55. f5 Kg5 56. f6 $1 Kxf6
57. Kf4 $11) 54. Bg6 Nd5 (54... c3 {-58...c3} 55. Bd3 c2 $2 56. Bxc2 Nxc2 57.
Kg4 Kf6 58. f4 $11) 55. Kg4 Kf6 56. Bb1 Ne3+ 57. Kg3 Ke5 58. Bg6 c3 59. Bb1 Nd5
60. Kg4 Kf6 61. Kg3 Nf4 62. Kg4 Nd5 63. Kg3 Kg7 $1 64. Kf2 $5 {The best
defence against Black's new plan} (64. Kg4 $143 $2 Kh6 65. Bd3 (65. Kf5 Ne3+
66. Ke4 c2 67. Bxc2 Nxc2 68. f4 g4 69. f5 Ne1 $1 (69... Kg5 $2 70. f6 Kxf6 71.
Kf4) 70. Kf4 (70. f6 g3 71. Ke3 Kg6 72. Ke2 g2 $19) 70... Kh5 71. f6 Ng2+ 72.
Kg3 Nh4 73. f7 Ng6 $19) 65... Ne3+ 66. Kg3 (66. Kh3 Kh5 $1) 66... Kh5 67. f4 (
67. Be4 c2 68. Bxc2 Nxc2 69. f4 g4 70. f5 Ne3 71. f6 Nf5+ 72. Kf4 Nh6 $19)
67... g4 68. f5 c2 69. Bxc2 Nxc2 70. f6 Nd4 $19) 64... Kh6 (64... Nb4 65. Kg3 {
[%cal Rf3f4] /\f4 leads nowhere} (65. f4 $2 gxf4 66. Kf3 Nd5 67. Ke4 Kf6 $1 68.
Kxd5 f3 $19)) 65. Ke2 Nb4 66. Be4 Kg7 (66... Kh5 67. Ke3 Kh4 68. Ke2 (68. f4 $2
c2 $19) 68... Kg3 69. Ke3 Kh2 (69... c2 70. Kd2 Kf4 71. Bb7 Ke5 72. Bc8 $1 Kd4
73. Bf5 $11) 70. Ke2 Kg1 71. Ke1 {and Black has not achieved anything.}) 67.
Ke3 Kf6 68. Ba8 (68. f4 g4 69. Ke2 (69. f5 Ke5 70. f6 c2 $1 $19) 69... c2 70.
Kd2 g3 71. Kc1 Kg7 72. Kd2 Kh6 73. Kc1 Kh5 $1 74. Bf3+ Kh4 75. Kd2 Nd3 $1 76.
Kxc2 Ne1+ $18) 68... Ke6 69. Bb7 (69. f4 c2) 69... Ke5 70. Ba8 (70. Be4 $2 c2
71. Kd2 g4 $1 72. Bxc2 g3 $19) 70... Kd6 71. Be4 Kc5 72. f4 $6 (72. Bf5 $142 $5
Kc4 73. Be6+ Nd5+ 74. Ke2 Kd4 (74... c2 $2 75. Kd2 Kb3 76. Kc1 $1 $11) 75. Bf5
$17) (72. Bh7 {Huzman} Kc4 73. Bg8+ (73. Bg6 Nd5+ 74. Ke2 Kb3 $19) 73... Nd5+
74. Ke2 Kd4 $19) 72... g4 $19 (72... gxf4+ $2 73. Kxf4 Kd4 74. Bb1 $8 $11) 73.
f5 Nd5+ $1 74. Kd3 Nf6 75. Bh1 Kb4 76. Kc2 Kc4 77. Bg2 (77. Bg2 Kd4 78. Kc1 g3
79. Bf3 (79. Kc2 Ng4 $1 80. Kc1 Ke5) (79. Kb1 Ng4 80. Bf3 Ke3 {[%cal Re3d2] /
\Kd2-+}) (79. Bh1 Kd3 $19 {[%cal Rc3c2,Rd3c3] /\c2,Kc3}) 79... Ng4 $22 80. Bb7
(80. Bh1 Nf2 81. Bg2 Nd3+ 82. Kd1 c2+ $19) (80. Bg2 Ke5 81. Bh3 Ne3 82. Kb1
Nxf5 83. Kc2 Kd4 $19) 80... Ke5 81. Kc2 Ne3+ $1 82. Kxc3 Nd5+ {and the g-pawn
promotes.}) 0-1

[Event "Dos Hermanas"]
[Site "Dos Hermanas"]
[Date "1993.??.??"]
[Round "8"]
[White "Karpov, Anatoly"]
[Black "Polgar, Judit"]
[Result "1-0"]
[WhiteElo "2725"]
[BlackElo "2595"]
[Annotator "Dautov,R"]
[PlyCount "101"]
[EventDate "1993.04.??"]
[EventType "tourn"]
[EventRounds "9"]
[EventCountry "ESP"]
[EventCategory "14"]
[SourceTitle "CBM 036"]
[Source "ChessBase"]
[SourceDate "1993.10.01"]
[SourceVersion "1"]
[SourceVersionDate "1993.10.01"]
[SourceQuality "1"]

1. Nf3 {Ftacnik} Nf6 2. c4 g6 3. g3 Bg7 4. Bg2 O-O 5. O-O d6 6. d4 Nc6 7. Nc3
e5 8. d5 Ne7 9. b4 $5 (9. e4) (9. c5) 9... Nd7 (9... a5 {>=} 10. bxa5 (10. Ba3
$1 $14) 10... Rxa5 11. Nd2 Nd7 12. Nb3 Ra8 (12... Ra6 $5 13. e4 f5 $132) 13. e4
b6 14. a4 Ba6 15. Nb5 Nc5 16. a5 Nxb3 17. Qxb3 bxa5 18. Bd2 $14 {
Ivanchuk-Polgar,J/Roquerbrune 30'/1992}) 10. Rb1 $1 (10. e4 a5 (10... h6 11.
Nd2 f5 12. exf5 gxf5 13. Bb2 $14) 11. Ba3 axb4 12. Bxb4 Bh6 (12... f5 $2 13.
Ng5 $16) 13. a4 f5 14. a5 $14) 10... a5 11. a3 h6 (11... f5 $6 12. Ng5 Nf6 13.
e4 h6 14. Ne6 Bxe6 15. dxe6 c6 16. Qb3 $16) 12. e4 f5 13. exf5 gxf5 14. Nh4 $14
e4 (14... Nf6 {>=} 15. f4 e4 16. Be3 axb4 17. axb4 Ra3 18. Bd4 $14) (14... Nf6
$5 {Ftacnik}) 15. Qb3 Ne5 16. f3 exf3 (16... Nd3 {Ftacnik} 17. fxe4 Bd4+ 18.
Kh1 Nf2+ (18... fxe4 19. Nxe4 Rxf1+ 20. Bxf1 Nxc1 21. Rxc1 Nf5 22. Nf3 $16) 19.
Rxf2 Bxf2 20. Bxh6 $16) 17. Nxf3 Nd3 $6 (17... N7g6 18. Nd4 $5 (18. Ne2 $14)
18... Nd3 19. Ne6 (19. Nce2 Nxc1 20. Rbxc1 axb4 21. axb4 $14) 19... Bxe6 20.
dxe6 Bd4+ 21. Kh1 Nf2+ 22. Rxf2 Bxf2 23. Bxh6 Re8 24. Bxb7 axb4 25. axb4 Rb8
26. Bd5 $16) (17... Nxf3+ 18. Rxf3 Ng6 19. Ne2 Ne5 20. Rf1 $14 {><f5,e6}) (
17... N7g6 {Ftacnik}) (17... axb4 {Ftacnik} 18. axb4 N7g6 19. Ne2 (19. Nd4 f4
$5 20. Bxf4 Nxf4 21. Rxf4 Rxf4 22. gxf4 Qh4 23. Nce2 Ng4 24. Qg3 Qxg3 25. hxg3
Ra2 $132) 19... Nxf3+ 20. Bxf3 Ne5 21. Bg2 Bd7 22. Nd4) 18. Bd2 axb4 (18... f4
{Ftacnik} 19. Ne4 $1) 19. axb4 Ng6 20. Ne2 Nde5 (20... Nge5 {Ftacnik} 21. Nxe5
Nxe5 22. Nf4 $16) 21. Nfd4 $16 Qf6 22. c5 Rf7 23. Kh1 dxc5 (23... Re7 $6 24.
Bh3 $16) (23... b6 {Ftacnik} 24. cxb6 cxb6 25. Ne6 $16) 24. bxc5 Qa6 25. c6 $5
(25. d6 cxd6 26. Bd5 (26. cxd6 {Ftacnik} Qxd6 27. Bd5 Ra3 $132) 26... dxc5 27.
Bxf7+ Nxf7 28. Nxf5 c4 29. Qf3 Nfe5 $132) (25. Nb5 c6 26. dxc6 bxc6 27. Nc7 $2
Qxe2 28. Nxa8 Qxd2 29. Rfd1 Qg5 $17) (25. Nf4 Nxf4 26. Bxf4 $16) (25. Bc3 Qc4
26. d6 $16 (26. Qxc4 {Ftacnik} Nxc4 27. Ra1 Rxa1 28. Rxa1 Ne3 29. Ra8 Rf8 30.
d6 cxd6 31. cxd6 Nxg2 32. Kxg2 Bd7 $14)) 25... bxc6 (25... b6 {Ftacnik} 26. d6
cxd6 27. Bd5 $16) 26. dxc6 Ne7 (26... Kh8 27. Nf4 Nxf4 28. gxf4 Nc4 29. Bc3 $18
) (26... Kh7 {Ftacnik} 27. Bc3 (27. Nb5 Qa2 $132) 27... Qd3 28. Nf4 Nxf4 29.
gxf4 $16) 27. Bf4 Qc4 (27... Qa2 {Ftacnik} 28. Qxa2 Rxa2 29. Nc3 Ra6 30. Ncb5)
28. Qxc4 Nxc4 29. Rfc1 (29. Bxc7 {Ftacnik} Ne3 $1 (29... Nd2 30. Ra1 Rxa1 31.
Rxa1 Nxc6) 30. Rfc1 (30. Ra1 Rxa1 31. Rxa1 Nxg2 32. Kxg2 Nxc6 33. Ra8 Kh7 $1)
30... Nxg2 31. Kxg2 Ra2 $132) (29. Rb7 $1 {Ftacnik} Nxc6 30. Bxc6 Bxb7 31. Bxb7
Ra5 32. Bc8 $1 $16) 29... Ne5 (29... Nd6 {Ftacnik} 30. Bxd6 cxd6 31. Nb5 Be5
32. Nf4) 30. Rb3 (30. Nb5 Nd3 31. Rc2 (31. Rf1 Ra2 32. Nc1 Rxg2 $1 33. Kxg2
Nxf4+ 34. Rxf4 Nxc6 35. Rc4 Be6 $1) 31... Nxf4 32. Nxf4 Rb8 33. Rcc1 Kh7 $14 (
33... Be5 {Ftacnik} 34. Nd3 Bd6 35. Nxd6 Rxb1 36. Rxb1 cxd6 37. Nf4 $16)) (30.
Rb7 $5 {Ftacnik} Nd3 $1 (30... Bxb7 31. cxb7 Rb8 32. Rxc7 $16)) 30... Ra4 $6 (
30... Kh7 31. Nb5 Rb8 32. Ned4 $16) 31. Nb5 N5xc6 (31... Ba6 $5 {Ftacnik} 32.
Ned4 $1 (32. Nec3 Ra5 33. Nxc7 Nd3 $13) 32... N5g6 33. Ne6 $16) (31... Be6 {
Ftacnik} 32. Re3 N7g6 33. Nec3 Nxf4 34. gxf4 $5 Rxf4 35. Rce1 $16) 32. Rxc6 (
32. Bxc6 $2 {Ftacnik} Nxc6 33. Rxc6 Bb7 34. Nbd4 Bxc6+ 35. Nxc6 Ra2 $132) 32...
Nxc6 33. Bxc6 Be6 (33... Re7 34. Nec3 Ra1+ 35. Kg2 $16) 34. Re3 Bc4 35. Na3 (
35. Re8+ {Ftacnik} Rf8 36. Nxc7 Ra1+ 37. Nc1 Rxe8 38. Nxe8 Bb2 $19) 35... Ra6 (
35... Rb4 {Ftacnik} 36. Nxc4 Rxc4 37. Bd5 $18) (35... Rxa3 {Ftacnik} 36. Rxa3
Bxe2 (36... Re7 37. Nc3 Re1+ 38. Kg2 Bd4 39. Bd5+ $18) 37. Bd5) 36. Nxc4 Rxc6
37. Ne5 Bxe5 38. Rxe5 Rc4 (38... Kh7 39. Nd4 Rcf6 40. Rc5 $16 (40. Kg2 {Ftacnik
} Kg6 41. Nf3 $16)) 39. Bxh6 $18 Re4 (39... c5 40. Be3 Rc7 41. Nf4 $18) 40.
Rxe4 fxe4 41. Bf4 (41. Nc3 {Ftacnik} e3 $1 42. Kg2 (42. Bf4 Rd7 $1 43. Kg1 Rd2
$132) 42... Rf2+ 43. Kh3 (43. Kg1 Rf3 $1) 43... Rc2) 41... c5 42. Nc3 c4 (42...
Re7 {Ftacnik} 43. Kg2 e3 44. Ne2 $18) 43. Nxe4 Ra7 44. Nc3 Rb7 45. Kg1 Rb2 (
45... Rb3 {Ftacnik} 46. Be5 Kf7 47. Kf2 Ke6 48. Bd4 $18) 46. h4 Kf7 47. h5 Ke6
48. h6 Kf6 49. Ne4+ Kg6 50. Kf1 Rh2 51. Ke1 1-0